| 000 | 00590nam a2200157Ia 4500 | ||
|---|---|---|---|
| 008 | 220216s9999 xx 000 0 und d | ||
| 100 | _aJoseph K | ||
| 245 | 0 | _aCompatibility of antagonistic growth promoting rhizobacteria with agrochemicals used in Hevea brasiliensis cultivation | |
| 260 | _bFirst Asian PGPR Congress for Sustainable Agriculture, 21-24 June 2009, Acharya N G Ranga Agricultural Unviersity, India and Auburn University, USA, pp. 90. | ||
| 700 | _aAbraham A | ||
| 700 | _aElias R.S | ||
| 700 | _aFarha A.K. | ||
| 700 | _aJacob C.K | ||
| 700 | _aPhilip S | ||
| 942 | _cBS | ||
| 999 |
_c49642 _d49642 |
||